1622 1090 1600 1573 1570 1212 1306 1194 1292 1870 1011 1169 1927 1525 1831 1612 1815 1822 1950 1357 1463 1574 1057 1950 1412 1645 1940 1304 1909 1070 1798 1191 1385 1026 1409 1854 1954 1643 1196 1361 1410 1032 1821 1215 1164 1468 1969 1575 1674 1689 1985 1956 1971 1950 1189 1776 1316 1949 1144 1866 1450 1272 1994 1772 1447 1750 1002 1370 1303 1140 1630 1091 1726 1084 1203 1179 1284 1071 1297 1946 1303 1177 1400 1279 1868 1194 1337 1445 1325 1932 1479 1181 1563 1041 1095 1605 1681 1705 1330 BCNSPRNW ULIB Ver.6.0+V

เปลี่ยนเป็นภาษาไทย

Change to English
 แสดงรายละเอียดบรรณานุกรม
  กลับหน้าหลัก

Brief Record : Get Marc (ISO 2709) : E-mail record : QR code < ปิดหน้าต่าง
LEADER : 00000nam 2200000uu 4500
001    13399121043
003     ULIB
008    020308s2540 th m 000 0 tha d
099    ^aวพ.WS410^bพ524ก
100 0  ^aพัชรี จันทร์อินทร์,^d2501-
245 10 ^aการวัดอุณหภูมิทางรักแร้และทางทวารหนักในทารกคลอดก่อนกำหนด =^bMeasurement of axillary and rectal temperatures in premature infants /^cพัชรี จันทร์อินทร์
246 31 ^aMeasurement of axillary and rectal temperatures in premature infants
260    ^a^c2540
300    ^aก-ฑ, 109 แผ่น ;^c30 ซม.
500    ^aSend to Single Search
502    ^aวิทยานิพนธ์ (พย.ม. (การพยาบาลแม่และเด็ก))-- มหาวิทยาลัยเชียงใหม่, 2540
610 24 ^aมหาวิทยาลัยเชียงใหม่^xวิทยานิพนธ์
610 24 ^aมหาวิทยาลัยเชียงใหม่. ^bคณะพยาบาลศาสตร์^xวิทยานิพนธ์
650  4 ^aทารกคลอดก่อนกำหนด
650  4 ^aอุณหภูมิ^xการวัด
650  4 ^aอุณหภูมิของร่างกาย
691    ^aพย.ม. (2540)
692    ^aการพยาบาลแม่และเด็ก (มหาวิทยาลัยเชียงใหม่ 2540)
700 0  ^aรัตนาวดี ชอนตะวัน,^eที่ปรึกษา
710 2  ^aมหาวิทยาลัยเชียงใหม่
710 2  ^aมหาวิทยาลัยเชียงใหม่. ^bคณะพยาบาลศาสตร์
945    ^p0^l0^i032877
995    995
999    ^aวิภา
รายการนี้ยังไม่มีแท็ก
คุณยังไม่ได้ล็อกอิน คุณสามารถมีกิจกรรมร่วมกับเว็บไซต์ได้ แต่ต้องล็อกอินก่อน ::
  ล็อกอิน

รายการสื่อสารสนเทศ

ลำดับที่ ประเภท เลขเรียก/บาร์โค้ด สถานที่ สถานะ
1. วิทยานิพนธ์
วิทยานิพนธ์
วพ.WS410 พ524ก  
  Barcode: 032877
ห้องสมุดวิทยาเขตสวรรค์ประชารักษ์
►วิจัย
บนชั้น

รายการใกล้เคียง
    หัวเรื่อง [ทารกคลอดก่อนกำหนด]

BibComment


ยังไม่เคยถูกคอมเมนท์

คอมเมนท์ทรัพยากรรายการนี้
  คอมเมนท์: การวัดอุณหภูมิทา..


 Copyright 2026. Bcnsprnw @Library